Οι πεταλούδες της Ελλάδας

Αποθηκεύτηκε σε:
Λεπτομέρειες βιβλιογραφικής εγγραφής
Κύριος συγγραφέας: Παμπέρης, Λάζαρος Ν.
Μορφή: Βιβλίο
Γλώσσα:Greek
Δημοσίευση: Αθήνα : Παμπέρης, 2009
Θέματα:
Ετικέτες: Προσθήκη ετικέτας
Δεν υπάρχουν, Καταχωρήστε ετικέτα πρώτοι!

MARC

LEADER 00000cam a2200000 i 4500
001 1/15639
008 111012s2009 gr ||| | gre||
020 |a 9789609274005 
035 |l 10111062 
040 |a GR-MY-UA  |b gre  |e aacr 
041 0 |a gre 
082 0 |a 595.78909495  |2 (22) 
100 1 |a Παμπέρης, Λάζαρος Ν. 
245 1 3 |a Οι πεταλούδες της Ελλάδας /  |c Λάζαρος Ν. Παμπέρης ; με την συνεργασία του Σταύρου Κ. Σταυρίδη στη δημιουργία των χαρτών, διαγραμμάτων και πινάκων. 
260 |a Αθήνα :   |b Παμπέρης,   |c 2009 
300 |a 766 σ.;   |b εικ.;   |c 25 εκ. 
500 |a Ευγενική υποστήριξη: Ίδρυμα Ιωάννου Φ. Κωστόπουλου. 
500 |a Εκδόσεις Παμπέρη με τη συνεργασία των εκδόσεων ΚΟΑΝ. Ελληνική Εταιρία Προστασίας της Φύσης. 
650 0 0 |a Butterflies  |z Greece  |x Identification. 
852 |a INST  |b LESVOS  |e 20111012  |h 595.78909495 ΠΑΜ  |p 005100051379  |q 005100051379  |t BK  |y 4  |x 20200115 
901 |a BIBL1-2011-3 
909 |a Λ  |b 172783 
970 |a ΤΖΑΦΕΡΗ  |b ΕΥΑΓΓΕΛΙΑ  |z 2011/10/11